LEADER 01403nam2-2200421li-450 001 990000220340203316 005 20180312154647.0 010 $a3_540_61528_8 035 $a0022034 035 $aUSA010022034 035 $a(ALEPH)000022034USA01 035 $a0022034 100 $a2001997011996-------y0itay0103----ba 101 0 $aeng 102 $aGW 200 1 $a<> w3 algebra$emodules, semi-infinite cohomology and BV algebras$fPeter Bouwknegt, Jim McCarthy, Krzysztof Pilch 210 $aBerlin [etc.]$cSpringer-Verlag$dcopyr. 1996 215 $aXI, 204 p.$cill.$d23 cm 225 2 $aLecture notes in physics. New series m, Monographs$v42 410 0$1001000326576$12001$aLecture notes in physics. New series m, Monographs 610 1 $aalgebra 610 1 $acoomologia 676 $a51423$9Gruppi omologici e coomologici 700 1$aBouwknegt,$bPeter$060821 702 1$aMcCarthy,$bJ. Michael 702 1$aPilch,$bKrzysztof 801 $aSistema bibliotecario di Ateneo dell' Universitą di Salerno$gRICA 912 $a990000220340203316 951 $a530 LNPM (42)$b19272/CBS$c530$d00223208 959 $aBK 969 $aSCI 979 $c19970108 979 $c20001110$lUSA01$h1714 979 $c20020403$lUSA01$h1630 979 $aPATRY$b90$c20040406$lUSA01$h1616 979 $aRSIAV6$b90$c20090608$lUSA01$h1423 996 $aW3 algebra$9192305 997 $aUNISA LEADER 03048nam 2200697 450 001 9910788173703321 005 20210608223428.0 010 $a1-62674-066-6 035 $a(CKB)2670000000599765 035 $a(OCoLC)885378169 035 $a(CaPaEBR)ebrary11031147 035 $a(SSID)ssj0001439883 035 $a(PQKBManifestationID)11832311 035 $a(PQKBTitleCode)TC0001439883 035 $a(PQKBWorkID)11384439 035 $a(PQKB)11166102 035 $a(StDuBDS)EDZ0001280395 035 $a(MiAaPQ)EBC3039949 035 $a(MdBmJHUP)muse38120 035 $a(Au-PeEL)EBL3039949 035 $a(CaPaEBR)ebr11031147 035 $a(CaONFJC)MIL746620 035 $a(EXLCZ)992670000000599765 100 $a20150319h20152015 uy 0 101 0 $aeng 135 $aur||||||||||| 181 $ctxt 182 $cc 183 $acr 200 00$aBoys love manga and beyond $ehistory, culture, and community in Japan /$fedited by Mark McLelland [and three others] ; contributors, Tomoko Aoyama [and thirteen others] 210 1$aJackson, [Mississippi] :$cUniversity Press of Mississippi,$d2015. 210 4$d©2015 215 $a1 online resource (314 p.) 300 $aBibliographic Level Mode of Issuance: Monograph 311 $a1-62846-119-5 311 $a1-336-15334-2 320 $aIncludes bibliographical references and index. 330 8 $aBoys Love (or simply BL) has emerged as a mainstream genre in manga, anime, and games for girls and young women. This genre was first developed in Japan in the early 1970's by a group of female artists. By the late 1970's, many amateur women fans were getting involved and creating and self-publishing homoerotic parodies of established male manga characters and popular media figures. The popularity of these encouraged a surge in the number of commercial titles. Today, a wide range of products, produced both by professionals and amateurs, is rapidly gaining a global audience. This book provides an overview of the BL phenomenon in Japan, its history and various subgenres and introduces translations of some key Japanese scholarship not otherwise available. 606 $aYoung gay men$vComic books, strips, etc$zJapan 606 $aRomance comic books, strips, etc$zJapan 606 $aWomen cartoonists$zJapan 606 $aYoung women$xBooks and reading$zJapan 606 $aGirls$xBooks and reading$zJapan 606 $aSex in popular culture$zJapan 615 0$aYoung gay men 615 0$aRomance comic books, strips, etc. 615 0$aWomen cartoonists 615 0$aYoung women$xBooks and reading 615 0$aGirls$xBooks and reading 615 0$aSex in popular culture 676 $a741.5/952 686 $aCGN004120$aSOC022000$aSOC052000$2bisacsh 702 $aMcLelland$b Mark J.$f1966-2020, 702 $aAoyama$b Tomoko 801 0$bMiAaPQ 801 1$bMiAaPQ 801 2$bMiAaPQ 906 $aBOOK 912 $a9910788173703321 996 $aBoys love manga and beyond$93869042 997 $aUNINA LEADER 01185nam 2200385 450 001 9910798307003321 005 20230808193846.0 010 $a1-4438-9294-7 035 $a(CKB)3710000000736299 035 $a(MiAaPQ)EBC4567507 035 $a(OCoLC)952337396 035 $a(FINmELB)ELB150278 035 $a(EXLCZ)993710000000736299 100 $a20160714h20162016 uy 0 101 0 $aeng 135 $aurcnu|||||||| 181 $2rdacontent 182 $2rdamedia 183 $2rdacarrier 200 04$aThe safe operating space treaty $ea new approach to managing our use of the earth system /$fedited by Paulo Magalha?es [and four others] 210 1$aNewcastle upon Tyne, England :$cCambridge Scholars Publishing,$d2016. 210 4$d©2016 215 $a1 online resource (319 pages) 311 $a1-4438-8903-2 606 $aEarth sciences$xComputer simulation 615 0$aEarth sciences$xComputer simulation. 676 $a550.285 702 $aMagalha?es$b Paulo 801 0$bMiAaPQ 801 1$bMiAaPQ 801 2$bMiAaPQ 906 $aBOOK 912 $a9910798307003321 996 $aThe safe operating space treaty$93774244 997 $aUNINA LEADER 01634nas 2200469- 450 001 996321494103316 005 20231021213021.0 011 $a2578-4854 035 $a(DE-599)ZDB2947571-5 035 $a(OCoLC)1037272162 035 $a(CKB)4100000005679402 035 $a(CONSER)--2018201633 035 $a(EXLCZ)994100000005679402 100 $a20180524a20199999 --- a 101 0 $aeng 135 $aur||||||||||| 181 $ctxt$2rdacontent 182 $cc$2rdamedia 183 $acr$2rdacarrier 200 00$aConservation science and practice 210 1$aHoboken, New Jersey :$cJohn Wiley & Sons, Inc.,$d2019- 300 $aRefereed/Peer-reviewed 300 $aA journal of the Society for Conservation Biology. 300 $aEditor-in-Chief: Mark W. Schwartz. 300 $aNo relation to the monographic series of the same name also published by Wiley. 330 $aConservation Science and Practice publishes papers that address the policy, planning, and practice of conserving biological diversity. 517 1 $aCSP 531 0 $aConserv. sci. pract. 606 $aBiodiversity conservation$vPeriodicals 606 $aBiodiversity conservation$2fast$3(OCoLC)fst01429861 608 $aPeriodicals.$2fast 610 $aEcology 615 0$aBiodiversity conservation 615 7$aBiodiversity conservation. 676 $a333.9516 702 $aSchwartz$b M. W$g(Mark W.),$f1958- 712 02$aJohn Wiley & Sons. 712 02$aSociety for Conservation Biology, 906 $aJOURNAL 912 $a996321494103316 996 $aConservation science and practice$92128696 997 $aUNISA